[Event "ESTCC 65 2019"]
[Site "Mali Losinj"]
[Date "2019.09.24"]
[Round "7.28"]
[White "Palsson, Bertil"]
[Black "Petanjek, Zvonko"]
[Result "1/2-1/2"]
[WhiteElo "1784"]
[BlackElo "1650"]
[Annotator "NA"]
[PlyCount "119"]
[EventDate "2019.09.18"]
[EventType "team-tourn"]
[EventCountry "CRO"]
[SourceTitle "playchess.com"]
[Source "ChessBase"]
[SourceQuality "1"]
[WhiteTeam "Sweden"]
[BlackTeam "Croatia"]
[WhiteTeamCountry "SWE"]
[BlackTeamCountry "CRO"]
[TimeControl "40/5400+30:1800+30"]

1. e4 {[%emt 0:00:30]} e5 {[%emt 0:00:30]} 2. Nf3 {[%emt 0:00:00]} Nc6 {[%emt 0:00:30]} 3. Bc4 {[%emt 0:00:00]} h6 {[%emt 0:00:00]} 4. d4 {[%emt 0:00:30]} exd4 {[%emt 0:01:00]} 5. O-O {[%emt 0:01:30]} Bc5 {[%emt 0:01:30]} 6. e5 {[%emt 0:02:30]} Nge7 {[%emt 0:00:30]} 7. Nbd2 {[%emt 0:02:30]} O-O {[%emt 0:00:30]} 8. Nb3 {[%emt 0:00:00]} d6 {[%emt 0:03:30]} 9. Re1 {[%emt 0:09:00]} Bg4 {[%emt 0:00:30]} 10. h3 {[%emt 0:02:30]} Bxf3 {[%emt 0:04:30]} 11. Qxf3 {[%emt 0:00:30]} Nxe5 {[%emt 0:00:30]} 12. Rxe5 {[%emt 0:00:00]} dxe5 {[%emt 0:01:30]} 13. Nxc5 {[%emt 0:00:00]} b6 {[%emt 0:00:30]} 14. Nd3 {[%emt 0:00:30]} Ng6 {[%emt 0:01:30]} 15. Bd2 {[%emt 0:03:30]} Kh8 {[%emt 0:00:30]} 16. Qg3 {[%emt 0:01:30]} c5 {[%emt 0:03:30]} 17. Re1 {[%emt 0:01:30]} Qf6 {[%emt 0:01:30]} 18. Nxe5 {[%emt 0:01:30]} Nxe5 {[%emt 0:02:30]} 19. Qxe5 {[%emt 0:02:30]} Qxe5 {[%emt 0:00:30]} 20. Rxe5 {[%emt 0:00:30]} f6 {[%emt 0:00:30]} 21. Re7 {[%emt 0:02:30]} Rfe8 {[%emt 0:00:30]} 22. Rxe8+ {[%emt 0:01:30]} Rxe8 {[%emt 0:00:30]} 23. Kf1 {[%emt 0:00:30]} g5 {[%emt 0:00:30]} 24. h4 {[%emt 0:07:30]} Kg7 {[%emt 0:02:30]} 25. f4 {[%emt 0:05:30]} gxh4 {[%emt 0:00:30]} 26. f5 {[%emt 0:00:00]} h3 {[%emt 0:02:30]} 27. gxh3 {[%emt 0:01:00]} Re7 {[%emt 0:02:30]} 28. Be6 {[%emt 0:01:30]} Kh7 {[%emt 0:01:30]} 29. Kf2 {[%emt 0:00:30]} a5 {[%emt 0:00:30]} 30. a4 {[%emt 0:00:30]} Rg7 {[%emt 0:01:30]} 31. Bf4 {[%emt 0:00:30]} h5 {[%emt 0:00:30]} 32. Kf1 {[%emt 0:06:30]} Re7 {[%emt 0:03:30]} 33. Bd5 {[%emt 0:00:00]} Rd7 {[%emt 0:02:30]} 34. Bf3 {[%emt 0:00:00]} d3 {[%emt 0:01:30]} 35. cxd3 {[%emt 0:03:30]} Rxd3 {[%emt 0:01:30]} 36. Bxh5 {[%emt 0:09:30]} Rxh3 {[%emt 0:01:30]} 37. Bd1 {[%emt 0:00:30]} Rh4 {[%emt 0:00:30]} 38. Bc7 {[%emt 0:00:30]} Rb4 {[%emt 0:00:30]} 39. b3 {[%emt 0:00:30]} Kh6 {[%emt 0:00:00]} 40. Bc2 {[%emt 0:03:30]} c4 {[%emt 0:00:00]} 41. Bd6 {[%emt 0:29:30]} cxb3 {[%emt 0:30:30]} 42. Bxb4 {[%emt 0:01:30]} bxc2 {[%emt 0:00:30]} 43. Bd2+ {[%emt 0:00:30]} Kh5 {[%emt 0:00:30]} 44. Ke2 {[%emt 0:00:00]} Kg4 {[%emt 0:00:00]} 45. Kd3 {[%emt 0:00:00]} Kxf5 {[%emt 0:00:00]} 46. Kxc2 {[%emt 0:00:30]} Ke4 {[%emt 0:00:30]} 47. Kc3 {[%emt 0:00:30]} Kd5 {[%emt 0:00:30]} 48. Be3 {[%emt 0:00:30]} Kc6 {[%emt 0:00:30]} 49. Kc4 {[%emt 0:00:00]} f5 {[%emt 0:00:30]} 50. Bf4 {[%emt 0:00:00]} Kb7 {[%emt 0:00:30]} 51. Kb5 {[%emt 0:00:30]} Ka7 {[%emt 0:00:30]} 52. Be3 {[%emt 0:00:30]} Kb7 {[%emt 0:01:30]} 53. Bxb6 {[%emt 0:00:00]} f4 {[%emt 0:00:00]} 54. Kxa5 {[%emt 0:00:00]} f3 {[%emt 0:00:00]} 55. Be3 {[%emt 0:00:30]} Ka8 {[%emt 0:01:30]} 56. Kb6 {[%emt 0:00:30]} Kb8 {[%emt 0:00:30]} 57. a5 {[%emt 0:00:00]} Ka8 {[%emt 0:00:30]} 58. a6 {[%emt 0:00:00]} Kb8 {[%emt 0:00:30]} 59. a7+ {[%emt 0:00:00]} Ka8 {[%emt 0:00:00]} 60. Bf2 {[%emt 0:00:00]} 1/2-1/2

[Event "ESTCC 65 2019"]
[Site "Mali Losinj"]
[Date "2019.09.24"]
[Round "7.29"]
[White "Singer, Hans"]
[Black "James, Kevin"]
[Result "1-0"]
[WhiteElo "2184"]
[BlackElo "1959"]
[Annotator "NA"]
[PlyCount "63"]
[EventDate "2019.09.18"]
[EventType "team-tourn"]
[EventCountry "CRO"]
[SourceTitle "playchess.com"]
[Source "ChessBase"]
[SourceQuality "1"]
[WhiteTeam "Austria"]
[BlackTeam "Ireland"]
[WhiteTeamCountry "AUT"]
[BlackTeamCountry "IRL"]
[TimeControl "40/5400+30:1800+30"]

1. c4 {[%emt 0:00:30]} e5 {[%emt 0:00:30]} 2. Nc3 {[%emt 0:00:00]} g6 {[%emt 0:00:30]} 3. g3 {[%emt 0:03:00]} Bg7 {[%emt 0:00:30]} 4. Bg2 {[%emt 0:00:00]} d6 {[%emt 0:01:30]} 5. b4 {[%emt 0:03:00]} Nc6 {[%emt 0:03:30]} 6. Rb1 {[%emt 0:01:30]} Nge7 {[%emt 0:00:00]} 7. b5 {[%emt 0:01:30]} Nd4 {[%emt 0:00:00]} 8. e3 {[%emt 0:00:30]} Ne6 {[%emt 0:00:30]} 9. Nge2 {[%emt 0:02:30]} O-O {[%emt 0:01:30]} 10. d3 {[%emt 0:00:30]} c6 {[%emt 0:03:30]} 11. bxc6 {[%emt 0:02:30]} bxc6 {[%emt 0:00:30]} 12. Ba3 {[%emt 0:01:30]} Nc5 {[%emt 0:12:30]} 13. d4 {[%emt 0:02:30]} Nb7 {[%emt 0:03:30]} 14. O-O {[%emt 0:08:30]} Qc7 {[%emt 0:01:30]} 15. Qa4 {[%emt 0:10:30]} f5 {[%emt 0:03:30]} 16. dxe5 {[%emt 0:01:30]} Bxe5 {[%emt 0:00:30]} 17. f4 {[%emt 0:01:30]} Bf6 {[%emt 0:02:30]} 18. e4 {[%emt 0:02:30]} Nc5 {[%emt 0:01:30]} 19. Bxc5 {[%emt 0:00:30]} dxc5 {[%emt 0:00:30]} 20. e5 {[%emt 0:00:30]} Bg7 {[%emt 0:00:00]} 21. Qa3 {[%emt 0:00:30]} Be6 {[%emt 0:07:00]} 22. Qxc5 {[%emt 0:00:30]} Rac8 {[%emt 0:00:00]} 23. Rfd1 {[%emt 0:00:30]} Rfd8 {[%emt 0:06:00]} 24. Rd6 {[%emt 0:01:30]} Bf7 {[%emt 0:00:30]} 25. Rbd1 {[%emt 0:02:30]} Be8 {[%emt 0:01:30]} 26. Nb5 {[%emt 0:13:30]} cxb5 {[%emt 0:02:30]} 27. Qxc7 {[%emt 0:00:30]} Rxc7 {[%emt 0:00:30]} 28. Rxd8 {[%emt 0:00:30]} Kf7 {[%emt 0:00:00]} 29. cxb5 {[%emt 0:00:00]} Bxb5 {[%emt 0:00:00]} 30. Nd4 {[%emt 0:02:00]} Ba4 {[%emt 0:00:30]} 31. Rb1 {[%emt 0:00:30]} g5 {[%emt 0:03:30]} 32. Rb4 {[%emt 0:05:30]} 1-0

[Event "ESTCC 65 2019"]
[Site "Mali Losinj"]
[Date "2019.09.24"]
[Round "7.30"]
[White "Lohan, Martin"]
[Black "Woeber, Friedrich"]
[Result "1/2-1/2"]
[WhiteElo "1796"]
[BlackElo "2126"]
[Annotator "NA"]
[PlyCount "86"]
[EventDate "2019.09.18"]
[EventType "team-tourn"]
[EventCountry "CRO"]
[SourceTitle "playchess.com"]
[Source "ChessBase"]
[SourceQuality "1"]
[WhiteTeam "Ireland"]
[BlackTeam "Austria"]
[WhiteTeamCountry "IRL"]
[BlackTeamCountry "AUT"]
[TimeControl "40/5400+30:1800+30"]

1. Nf3 {[%emt 0:00:30]} Nf6 {[%emt 0:01:30]} 2. g3 {[%emt 0:00:00]} d5 {[%emt 0:00:30]} 3. Bg2 {[%emt 0:00:00]} c6 {[%emt 0:00:30]} 4. O-O {[%emt 0:00:30]} g6 {[%emt 0:00:30]} 5. d3 {[%emt 0:01:30]} Bg7 {[%emt 0:00:30]} 6. Nbd2 {[%emt 0:00:30]} Nbd7 {[%emt 0:01:30]} 7. e4 {[%emt 0:01:30]} dxe4 {[%emt 0:01:30]} 8. Nxe4 {[%emt 0:01:30]} O-O {[%emt 0:00:30]} 9. Rb1 {[%emt 0:02:30]} Qa5 {[%emt 0:06:30]} 10. a3 {[%emt 0:02:30]} Nxe4 {[%emt 0:07:30]} 11. dxe4 {[%emt 0:00:30]} Nf6 {[%emt 0:00:30]} 12. Re1 {[%emt 0:05:30]} Bg4 {[%emt 0:01:30]} 13. h3 {[%emt 0:02:30]} Bxf3 {[%emt 0:06:30]} 14. Bxf3 {[%emt 0:00:30]} Rad8 {[%emt 0:00:30]} 15. Qe2 {[%emt 0:01:30]} Nd7 {[%emt 0:02:30]} 16. Bg2 {[%emt 0:02:30]} Qc7 {[%emt 0:01:30]} 17. Kh1 {[%emt 0:02:30]} e5 {[%emt 0:01:30]} 18. b4 {[%emt 0:04:30]} b5 {[%emt 0:03:30]} 19. Be3 {[%emt 0:02:30]} Nb6 {[%emt 0:00:30]} 20. Bc5 {[%emt 0:06:30]} Rfe8 {[%emt 0:00:30]} 21. Red1 {[%emt 0:00:30]} Na4 {[%emt 0:04:30]} 22. Rxd8 {[%emt 0:02:30]} Rxd8 {[%emt 0:00:30]} 23. Qe3 {[%emt 0:02:30]} Nxc5 {[%emt 0:01:30]} 24. Qxc5 {[%emt 0:00:30]} Bf8 {[%emt 0:00:30]} 25. Qe3 {[%emt 0:04:30]} c5 {[%emt 0:04:30]} 26. c3 {[%emt 0:09:30]} a5 {[%emt 0:06:30]} 27. Bf1 {[%emt 0:03:30]} axb4 {[%emt 0:05:30]} 28. axb4 {[%emt 0:01:30]} c4 {[%emt 0:02:30]} 29. Be2 {[%emt 0:01:30]} Rd7 {[%emt 0:02:30]} 30. Rd1 {[%emt 0:02:30]} Rxd1+ {[%emt 0:03:30]} 31. Bxd1 {[%emt 0:00:30]} Qd6 {[%emt 0:01:30]} 32. Be2 {[%emt 0:01:30]} h5 {[%emt 0:01:30]} 33. Qc1 {[%emt 0:06:30]} Kh7 {[%emt 0:01:30]} 34. g4 {[%emt 0:03:30]} Qf6 {[%emt 0:03:30]} 35. gxh5 {[%emt 0:02:30]} Qxf2 {[%emt 0:00:30]} 36. hxg6+ {[%emt 0:00:30]} fxg6 {[%emt 0:00:30]} 37. Bg4 {[%emt 0:01:30]} Bh6 {[%emt 0:01:30]} 38. Qg1 {[%emt 0:05:04]} Qc2 {[%emt 0:02:30]} 39. Qa7+ {[%emt 0:01:44]} Bg7 {[%emt 0:00:00]} 40. Qe3 {[%emt 0:00:00]} Qb1+ {[%emt 0:05:57]} 41. Kg2 {[%emt 0:34:55]} Bh6 {[%emt 0:32:14]} 42. Qa7+ {[%emt 0:01:11]} Bg7 {[%emt 0:00:01]} 43. Qe3 {[%emt 0:00:15]} Qa2+ {[%emt 0:01:07]} 1/2-1/2

[Event "ESTCC 65 2019"]
[Site "Mali Losinj"]
[Date "2019.09.24"]
[Round "7.31"]
[White "Titz, Heimo"]
[Black "Egan, Colm"]
[Result "1/2-1/2"]
[WhiteElo "1971"]
[BlackElo "1710"]
[Annotator "NA"]
[PlyCount "132"]
[EventDate "2019.09.18"]
[EventType "team-tourn"]
[EventCountry "CRO"]
[SourceTitle "playchess.com"]
[Source "ChessBase"]
[SourceQuality "1"]
[WhiteTeam "Austria"]
[BlackTeam "Ireland"]
[WhiteTeamCountry "AUT"]
[BlackTeamCountry "IRL"]
[TimeControl "40/5400+30:1800+30"]

1. c4 {[%emt 0:00:30]} d6 {[%emt 0:00:30]} 2. d4 {[%emt 0:00:30]} f5 {[%emt 0:01:30]} 3. Nf3 {[%emt 0:00:30]} e6 {[%emt 0:01:30]} 4. Nc3 {[%emt 0:00:30]} Nf6 {[%emt 0:00:30]} 5. g3 {[%emt 0:00:30]} Be7 {[%emt 0:00:30]} 6. Bg2 {[%emt 0:00:30]} O-O {[%emt 0:01:30]} 7. O-O {[%emt 0:00:30]} Qe8 {[%emt 0:02:30]} 8. b3 {[%emt 0:02:30]} Ne4 {[%emt 0:11:30]} 9. Bb2 {[%emt 0:01:30]} Bf6 {[%emt 0:01:30]} 10. Ne1 {[%emt 0:12:30]} Nxc3 {[%emt 0:03:30]} 11. Bxc3 {[%emt 0:00:30]} e5 {[%emt 0:01:30]} 12. dxe5 {[%emt 0:07:30]} Bxe5 {[%emt 0:03:30]} 13. Bxe5 {[%emt 0:03:30]} dxe5 {[%emt 0:00:30]} 14. Nc2 {[%emt 0:11:30]} Kh8 {[%emt 0:02:30]} 15. Ne3 {[%emt 0:00:30]} c6 {[%emt 0:01:30]} 16. Qd2 {[%emt 0:03:30]} Nd7 {[%emt 0:04:30]} 17. Nd1 {[%emt 0:01:30]} Nf6 {[%emt 0:06:30]} 18. Nc3 {[%emt 0:00:30]} Be6 {[%emt 0:01:30]} 19. Rad1 {[%emt 0:00:30]} Bg8 {[%emt 0:08:30]} 20. h3 {[%emt 0:07:30]} Qg6 {[%emt 0:04:30]} 21. Kh2 {[%emt 0:10:30]} Rae8 {[%emt 0:00:30]} 22. e3 {[%emt 0:15:09]} e4 {[%emt 0:02:30]} 23. Ne2 {[%emt 0:00:59]} Qh6 {[%emt 0:00:30]} 24. Kg1 {[%emt 0:00:40]} g5 {[%emt 0:02:30]} 25. Qc3 {[%emt 0:01:16]} Qg7 {[%emt 0:00:30]} 26. Rd6 {[%emt 0:00:49]} Be6 {[%emt 0:06:30]} 27. Rfd1 {[%emt 0:01:38]} Bc8 {[%emt 0:02:30]} 28. Qa5 {[%emt 0:02:12]} b6 {[%emt 0:00:30]} 29. Qc3 {[%emt 0:00:04]} c5 {[%emt 0:00:30]} 30. R1d2 {[%emt 0:02:36]} Kg8 {[%emt 0:03:30]} 31. Qa1 {[%emt 0:00:38]} Bb7 {[%emt 0:02:30]} 32. Qd1 {[%emt 0:01:04]} Qe7 {[%emt 0:00:30]} 33. Rd7 {[%emt 0:01:55]} Nxd7 {[%emt 0:01:30]} 34. Rxd7 {[%emt 0:00:03]} Rd8 {[%emt 0:00:30]} 35. Rd2 {[%emt 0:04:56]} Rxd2 {[%emt 0:00:30]} 36. Qxd2 {[%emt 0:00:33]} Rd8 {[%emt 0:00:30]} 37. Qc2 {[%emt 0:00:54]} Qd7 {[%emt 0:01:30]} 38. Qc3 {[%emt 0:02:49]} Qg7 {[%emt 0:05:15]} 39. Qc2 {[%emt 0:00:26]} Qa1+ {[%emt 0:01:26]} 40. Kh2 {[%emt 0:00:35]} Rd3 {[%emt 0:00:30]} 41. Nc1 {[%emt 0:31:43]} Rc3 {[%emt 0:30:42]} 42. Qd2 {[%emt 0:00:35]} Rxc1 {[%emt 0:01:22]} 43. Qd8+ {[%emt 0:00:25]} Kf7 {[%emt 0:00:30]} 44. Qc7+ {[%emt 0:00:27]} Kg6 {[%emt 0:00:19]} 45. Qxb7 {[%emt 0:00:22]} Qg7 {[%emt 0:03:27]} 46. Qc6+ {[%emt 0:01:48]} Qf6 {[%emt 0:00:00]} 47. Qe8+ {[%emt 0:00:00]} Kg7 {[%emt 0:00:00]} 48. Qd7+ {[%emt 0:00:00]} Qf7 {[%emt 0:00:00]} 49. Qd8 {[%emt 0:00:00]} h6 {[%emt 0:00:00]} 50. Qd2 {[%emt 0:00:00]} Ra1 {[%emt 0:00:00]} 51. a4 {[%emt 0:00:00]} Kh7 {[%emt 0:00:00]} 52. Qd6 {[%emt 0:00:00]} Rb1 {[%emt 0:00:00]} 53. g4 {[%emt 0:00:00]} Rxb3 {[%emt 0:00:00]} 54. gxf5 {[%emt 0:00:00]} Qxf5 {[%emt 0:00:00]} 55. Qe7+ {[%emt 0:00:00]} Kg8 {[%emt 0:00:00]} 56. Qe8+ {[%emt 0:00:00]} Kg7 {[%emt 0:00:00]} 57. Qe7+ {[%emt 0:00:00]} Kg8 {[%emt 0:00:00]} 58. Qe8+ {[%emt 0:00:00]} Kg7 {[%emt 0:00:00]} 59. Qe7+ {[%emt 0:00:00]} Kg8 {[%emt 0:00:00]} 60. Qe8+ {[%emt 0:00:00]} Kg7 {[%emt 0:00:00]} 61. Qe7+ {[%emt 0:00:00]} Qf7 {[%emt 0:00:00]} 62. Qe5+ {[%emt 0:00:00]} Qf6 {[%emt 0:00:00]} 63. Qc7+ {[%emt 0:00:00]} Qf7 {[%emt 0:00:00]} 64. Qe5+ {[%emt 0:00:00]} Qf6 {[%emt 0:00:00]} 65. Qc7+ {[%emt 0:00:00]} Qf7 {[%emt 0:01:33]} 66. Qe5+ {[%emt 0:00:00]} Qf6 {[%emt 0:00:26]} 1/2-1/2

[Event "ESTCC 65 2019"]
[Site "Mali Losinj"]
[Date "2019.09.24"]
[Round "7.32"]
[White "Durkan, Joe"]
[Black "Strobel, Ferdinand"]
[Result "0-1"]
[WhiteElo "1459"]
[BlackElo "1956"]
[Annotator "NA"]
[PlyCount "64"]
[EventDate "2019.09.18"]
[EventType "team-tourn"]
[EventCountry "CRO"]
[SourceTitle "playchess.com"]
[Source "ChessBase"]
[SourceQuality "1"]
[WhiteTeam "Ireland"]
[BlackTeam "Austria"]
[WhiteTeamCountry "IRL"]
[BlackTeamCountry "AUT"]
[TimeControl "40/5400+30:1800+30"]

1. e4 {[%emt 0:01:30]} d6 {[%emt 0:00:30]} 2. d4 {[%emt 0:00:00]} Nf6 {[%emt 0:00:30]} 3. Nc3 {[%emt 0:00:00]} g6 {[%emt 0:00:00]} 4. g3 {[%emt 0:00:30]} Bg7 {[%emt 0:00:00]} 5. Bg2 {[%emt 0:00:30]} O-O {[%emt 0:00:30]} 6. Nge2 {[%emt 0:00:30]} c6 {[%emt 0:01:30]} 7. O-O {[%emt 0:00:30]} Qa5 {[%emt 0:04:30]} 8. Bd2 {[%emt 0:04:30]} e5 {[%emt 0:01:30]} 9. Nd5 {[%emt 0:03:30]} Qd8 {[%emt 0:00:30]} 10. Nxf6+ {[%emt 0:03:30]} Bxf6 {[%emt 0:00:30]} 11. dxe5 {[%emt 0:01:30]} dxe5 {[%emt 0:03:30]} 12. Qc1 {[%emt 0:05:30]} Na6 {[%emt 0:07:30]} 13. a3 {[%emt 0:09:30]} Be6 {[%emt 0:02:30]} 14. Rd1 {[%emt 0:00:00]} Qe7 {[%emt 0:01:30]} 15. Bb4 {[%emt 0:16:00]} Nxb4 {[%emt 0:01:30]} 16. axb4 {[%emt 0:00:30]} Qxb4 {[%emt 0:00:30]} 17. Nc3 {[%emt 0:00:30]} b5 {[%emt 0:08:30]} 18. Ra6 {[%emt 0:05:30]} Rfc8 {[%emt 0:05:30]} 19. Nd5 {[%emt 0:06:30]} cxd5 {[%emt 0:11:30]} 20. exd5 {[%emt 0:00:30]} Bg4 {[%emt 0:02:30]} 21. f3 {[%emt 0:02:30]} Bf5 {[%emt 0:02:30]} 22. Rxf6 {[%emt 0:01:30]} Rxc2 {[%emt 0:04:30]} 23. Qa1 {[%emt 0:02:30]} Qc5+ {[%emt 0:01:30]} 24. Kh1 {[%emt 0:02:30]} Qf2 {[%emt 0:01:30]} 25. Rg1 {[%emt 0:00:30]} Bh3 {[%emt 0:04:30]} 26. Qf1 {[%emt 0:01:30]} Qd2 {[%emt 0:00:30]} 27. Rc6 {[%emt 0:01:30]} Rxb2 {[%emt 0:04:30]} 28. Rc1 {[%emt 0:01:30]} Rd8 {[%emt 0:02:30]} 29. Rd1 {[%emt 0:00:30]} Bxg2+ {[%emt 0:00:30]} 30. Rxg2 {[%emt 0:00:30]} Qxg2+ {[%emt 0:00:00]} 31. Qxg2 {[%emt 0:00:30]} Rxg2 {[%emt 0:00:00]} 32. Kxg2 {[%emt 0:00:30]} Rd6 {[%emt 0:00:30]} 0-1

[Event "ESTCC 65 2019"]
[Site "Mali Losinj"]
[Date "2019.09.25"]
[Round "8.1"]
[White "Quinn, John M"]
[Black "Balashov, Yuri S"]
[Result "1-0"]
[WhiteElo "2105"]
[BlackElo "2466"]
[Annotator "ChessBase"]
[PlyCount "87"]
[EventDate "2019.09.18"]
[EventType "team-tourn"]
[EventCountry "CRO"]
[SourceTitle "playchess.com"]
[Source "ChessBase"]
[SourceQuality "1"]
[WhiteTeam "England"]
[BlackTeam "Russia"]
[WhiteTeamCountry "ENG"]
[BlackTeamCountry "RUS"]
[TimeControl "40/5400+30:1800+30"]

1. d4 {[%emt 0:00:30]} Nf6 {[%emt 0:00:30]} 2. c4 {[%emt 0:00:00]} e6 {[%emt 0:00:00]} 3. Nf3 {[%emt 0:00:00]} d5 {[%emt 0:00:00]} 4. Nc3 {[%emt 0:00:30]} Nbd7 {[%emt 0:01:30]} 5. Bg5 {[%emt 0:00:30]} Be7 {[%emt 0:00:30]} 6. e3 {[%emt 0:00:30]} O-O {[%emt 0:00:00]} 7. Rc1 {[%emt 0:00:30]} a6 {[%emt 0:01:00]} 8. cxd5 {[%emt 0:06:30]} exd5 {[%emt 0:00:00]} 9. Bd3 {[%emt 0:04:30]} c6 {[%emt 0:01:00]} 10. O-O {[%emt 0:04:30]} Re8 {[%emt 0:00:00]} 11. a3 {[%emt 0:09:30]} Nf8 {[%emt 0:03:00]} 12. Ne5 {[%emt 0:05:30]} N6d7 {[%emt 0:05:30]} 13. Bf4 {[%emt 0:02:30]} Bf6 {[%emt 0:04:30]} 14. Nxd7 {[%emt 0:09:30]} Bxd7 {[%emt 0:06:30]} 15. Na4 {[%emt 0:02:30]} Ne6 {[%emt 0:00:30]} 16. Bg3 {[%emt 0:00:30]} g6 {[%emt 0:01:30]} 17. b4 {[%emt 0:02:30]} b5 {[%emt 0:01:30]} 18. Nc5 {[%emt 0:03:30]} Nxc5 {[%emt 0:00:30]} 19. bxc5 {[%emt 0:01:30]} a5 {[%emt 0:01:30]} 20. Re1 {[%emt 0:03:30]} Be6 {[%emt 0:03:30]} 21. Bd6 {[%emt 0:03:30]} Bg7 {[%emt 0:07:30]} 22. Rc2 {[%emt 0:02:30]} Qd7 {[%emt 0:01:30]} 23. f3 {[%emt 0:03:30]} Bf5 {[%emt 0:05:30]} 24. g4 {[%emt 0:01:30]} Bxd3 {[%emt 0:00:30]} 25. Qxd3 {[%emt 0:00:30]} a4 {[%emt 0:03:30]} 26. Rg2 {[%emt 0:03:30]} Re6 {[%emt 0:02:30]} 27. e4 {[%emt 0:07:30]} dxe4 {[%emt 0:00:30]} 28. fxe4 {[%emt 0:00:30]} Rxd6 {[%emt 0:00:30]} 29. cxd6 {[%emt 0:00:30]} Qxd6 {[%emt 0:00:30]} 30. e5 {[%emt 0:08:53]} Qd5 {[%emt 0:00:00]} 31. Qe4 {[%emt 0:02:43]} Rd8 {[%emt 0:00:00]} 32. Qxd5 {[%emt 0:00:46]} Rxd5 {[%emt 0:00:30]} 33. Re4 {[%emt 0:02:00]} Bf8 {[%emt 0:08:30]} 34. Ra2 {[%emt 0:01:34]} c5 {[%emt 0:00:30]} 35. dxc5 {[%emt 0:00:24]} Bxc5+ {[%emt 0:00:30]} 36. Kf1 {[%emt 0:01:37]} Kf8 {[%emt 0:00:30]} 37. e6 {[%emt 0:05:15]} f6 {[%emt 0:00:30]} 38. h4 {[%emt 0:00:56]} Ke7 {[%emt 0:00:30]} 39. h5 {[%emt 0:00:34]} gxh5 {[%emt 0:01:30]} 40. gxh5 {[%emt 0:00:47]} Rf5+ {[%emt 0:02:30]} 41. Kg2 {[%emt 0:30:35]} Rxh5 {[%emt 0:01:30]} 42. Rd2 {[%emt 0:00:00]} Bd6 {[%emt 0:00:30]} 43. Rxd6 {[%emt 0:00:00]} Rg5+ {[%emt 0:00:00]} 44. Kf3 {[%emt 0:00:00]} 1-0

[Event "ESTCC 65 2019"]
[Site "Mali Losinj"]
[Date "2019.09.25"]
[Round "8.3"]
[White "Reuben, Stewart"]
[Black "Zhelnin, Vladimir V"]
[Result "0-1"]
[WhiteElo "1983"]
[BlackElo "2406"]
[Annotator "NA"]
[PlyCount "80"]
[EventDate "2019.09.18"]
[EventType "team-tourn"]
[EventCountry "CRO"]
[SourceTitle "playchess.com"]
[Source "ChessBase"]
[SourceQuality "1"]
[WhiteTeam "England"]
[BlackTeam "Russia"]
[WhiteTeamCountry "ENG"]
[BlackTeamCountry "RUS"]
[TimeControl "40/5400+30:1800+30"]

1. d4 {[%emt 0:00:30]} g6 {[%emt 0:01:30]} 2. c4 {[%emt 0:00:00]} Bg7 {[%emt 0:00:00]} 3. Nc3 {[%emt 0:00:00]} d6 {[%emt 0:00:00]} 4. g3 {[%emt 0:00:30]} Nf6 {[%emt 0:03:30]} 5. Bg2 {[%emt 0:03:30]} O-O {[%emt 0:00:30]} 6. e4 {[%emt 0:00:30]} Nbd7 {[%emt 0:02:30]} 7. Nge2 {[%emt 0:01:30]} e5 {[%emt 0:02:30]} 8. O-O {[%emt 0:01:30]} c6 {[%emt 0:03:30]} 9. b3 {[%emt 0:03:30]} exd4 {[%emt 0:03:30]} 10. Nxd4 {[%emt 0:00:30]} Re8 {[%emt 0:00:00]} 11. Be3 {[%emt 0:01:30]} Nc5 {[%emt 0:02:00]} 12. f3 {[%emt 0:03:30]} a5 {[%emt 0:14:30]} 13. Qc2 {[%emt 0:02:30]} Nfd7 {[%emt 0:05:30]} 14. Rad1 {[%emt 0:02:30]} Qe7 {[%emt 0:08:30]} 15. Bf2 {[%emt 0:05:30]} Ne5 {[%emt 0:00:30]} 16. h3 {[%emt 0:07:30]} a4 {[%emt 0:01:30]} 17. f4 {[%emt 0:02:30]} axb3 {[%emt 0:00:30]} 18. axb3 {[%emt 0:00:30]} Ned7 {[%emt 0:00:00]} 19. Ra1 {[%emt 0:05:30]} Rxa1 {[%emt 0:02:00]} 20. Rxa1 {[%emt 0:00:30]} Nf6 {[%emt 0:05:30]} 21. Re1 {[%emt 0:02:30]} Qc7 {[%emt 0:04:30]} 22. b4 {[%emt 0:20:30]} Ne6 {[%emt 0:06:30]} 23. Nb3 {[%emt 0:04:30]} h5 {[%emt 0:06:30]} 24. f5 {[%emt 0:08:30]} Nf8 {[%emt 0:00:30]} 25. Bf3 {[%emt 0:06:19]} N8d7 {[%emt 0:00:30]} 26. Be2 {[%emt 0:01:08]} Ne5 {[%emt 0:03:30]} 27. Bd4 {[%emt 0:00:41]} gxf5 {[%emt 0:01:30]} 28. Kg2 {[%emt 0:04:36]} fxe4 {[%emt 0:04:25]} 29. Nxe4 {[%emt 0:00:25]} Nxe4 {[%emt 0:00:44]} 30. Qxe4 {[%emt 0:00:12]} Qd7 {[%emt 0:01:12]} 31. Qh4 {[%emt 0:02:33]} c5 {[%emt 0:03:02]} 32. Bc3 {[%emt 0:05:30]} Ng6 {[%emt 0:01:45]} 33. Qxh5 {[%emt 0:00:21]} Bxc3 {[%emt 0:01:41]} 34. Rd1 {[%emt 0:03:49]} cxb4 {[%emt 0:02:00]} 35. Bd3 {[%emt 0:00:33]} Re5 {[%emt 0:01:15]} 36. Qh6 {[%emt 0:00:19]} Qe6 {[%emt 0:00:37]} 37. Rf1 {[%emt 0:00:16]} Bd7 {[%emt 0:00:36]} 38. g4 {[%emt 0:00:08]} Bc6+ {[%emt 0:00:47]} 39. Kg1 {[%emt 0:00:09]} Re1 {[%emt 0:01:06]} 40. Nd2 {[%emt 0:01:20]} Bd4+ {[%emt 0:01:14]} 0-1